| 000 | 00435nam a22001457a 4500 | ||
|---|---|---|---|
| 020 | _a9780199408979 | ||
| 040 | _cNUST | ||
| 082 |
_a321.8095491 _bHUS |
||
| 100 |
_aHussain, Ishrat _928447 |
||
| 245 |
_aGoverning the Ungovernable: _bInstitutional Reforms for Democratic Governance |
||
| 250 | _a5th Edition | ||
| 260 |
_aKarachi: _bOxford University Press, _c2018. |
||
| 650 |
_aGoverning the Ungovernable _9125491 |
||
| 942 |
_2ddc _cBK |
||
| 999 |
_c611197 _d611197 |
||